Orígenes y fundamentos del cristianismo
Saved in:
| Hovedforfatter: | |
|---|---|
| Format: | Bog |
| Sprog: | spansk |
| Udgivet: |
Santiago
Quimantu
1972
|
| Serier: | Colección Clásicos del Pensamiento Social, 20
|
| Fag: | |
| Tags: |
Tilføj Tag
Ingen Tags, Vær først til at tagge denne postø!
|
MARC
| LEADER | 00000nam a2200000 a 4500 | ||
|---|---|---|---|
| 001 | UCL1811 | ||
| 003 | CL-VaPUC | ||
| 008 | 030926e19720000CL |||||||||||||||||spa|d | ||
| 082 | 0 | 4 | |a 220 |b KAU |2 21 |
| 100 | |a Kautsky, Karl |e autor |9 478644 | ||
| 245 | 1 | 0 | |a Orígenes y fundamentos del cristianismo |
| 300 | |a 571 p | ||
| 942 | |c BK | ||
| 945 | |d 20030926 00:00:00 |a vberengu | ||
| 260 | |a Santiago |b Quimantu |c 1972 | ||
| 600 | 0 | |a Jesús |9 313614 | |
| 650 | 0 | |a Cristianismo |9 257361 | |
| 650 | 0 | |a Historia del cristianismo |9 473480 | |
| 583 | |a last modification |c 20030926 00:00:00 |k Rodrigo Vera | ||
| 490 | 0 | |a Colección Clásicos del Pensamiento Social, 20 | |
| 999 | |c 305251 |d 305249 | ||
| 952 | |0 0 |1 2 |4 0 |6 220_000000000000000_KAU_1972 |7 0 |8 A |9 368376 |a BIBTEO |b BIBTEO |d 2019-11-21 |i 2078953 |o 220 KAU 1972 |p 2078953 |r 2019-11-21 |w 2019-11-21 |x Descarte 2019 |y BK |k ICR | ||